| 000 | 00575nam a22001937a 4500 | ||
|---|---|---|---|
| 005 | 20150330095613.0 | ||
| 008 | 110302s2011 nyu 000 0 eng | ||
| 020 | _a9780071736367 | ||
| 041 | 0 | _aeng | |
| 080 | _a336 | ||
| 100 | 1 | _aRappaport, Alfred. | |
| 245 | 1 | 0 |
_aSaving capitalism from short-termism : _cAlfred Rappaport. |
| 260 |
_aNew York : _bMcGraw-Hill, _c2011. |
||
| 300 |
_a235 f. ; _c24 cm. |
||
| 505 | 8 | _aIndex: f. 225 - 235 | |
| 650 | 0 | _aInvestimet | |
| 650 | 0 | _aKapitalizmi | |
| 942 |
_2udc _cBK |
||
| 999 |
_c620 _d620 |
||